000
00204 a2200097 4500
001
12039
100
_a
Attlec, C.R.
245
_a
As it happened
260
_a
_b
William Heinemann
_c
090
_c
9291
_d
9291
942
_a
NUST-CAE
_c
M
_c
36146
999
_c
247112
_d
247112